L'Egypte pharaonique /

محفوظ في:

المؤلف الرئيسي: Drioton, Étienne, 1889-1961 (مؤلف)

التنسيق: كتاب

اللغة: French

سلاسل: Collection Armand Colin. Section d'histoire et sciences économiques ; 341.

الموضوعات:

الوسوم: إضافة وسم

لا توجد وسوم, كن أول من يضع وسما على هذه التسجيلة!

رقم الطلب: DT83 .D78 1959

LEADER 01031namaa2200289 4500
001 19686
003 OSt
005 20210221061850.0
008 130303s1959 fr g 000 0 fre d
952 |0 0  |1 0  |2 lcc  |4 0  |6 DT0083 D78 01959  |7 1  |9 10550  |a ARCE  |b ARCE  |d 2021-02-21  |l 0  |o DT83 .D78 1959  |p 1001131  |r 2021-02-21 00:00:00  |w 2021-02-21  |y BK 
999 |c 19080  |d 19080 
040 |c ARCE Library 
043 |a f-ua--- 
050 0 4 |a DT83 .D78 1959 
100 1 |a Drioton, Étienne,  |d 1889-1961,  |e author 
245 1 2 |a L'Egypte pharaonique /  |c Etienne Drioton. 
264 1 |a Paris :  |b Librairie Armand Colin,  |c 1959. 
300 |a 220 pages ;  |c 17 cm. 
336 |a text  |b txt  |2 rdacontent 
337 |a unmediated  |b n  |2 rdamedia 
338 |a volume  |b nc  |2 rdacarrier 
490 1 |a Collection Armand Colin. Section d'histoire et sciences économiques ;   |v 341. 
651 0 |a Egypt  |x Civilization. 
651 0 |a Egypt  |x History. 
830 0 |a Collection Armand Colin.   |p Section d'histoire et sciences économiques ;   |v 341. 
901 |a reviewed 
942 |c BK  |2 lcc